00451pab a2200145 454500008004000000100002200040245010800062260000900170300001200179362001200191650003700203650001200240700002600252773002700278180718b1997 xxu||||| |||| 00| 0 eng d aParthasarathy, G. aRural poverty and economic reforms: opportunities and constraints: an empirical study of Andhra Pradesh c1997 ap.19-32 aApr-Jun aPoverty - India - Andhra Pradesh aPoverty aDurga Parameswari, C. aIndian Economic Review